000 01119cam a2200337 i 4500
001 63310
003 Mx-PuUPA
005 20250708120932.0
008 150808s1988 mx r 000 0 spa d
020 _a9682314445
040 _aMX-PuUPA
_bspa
_erda
_cMx-PuUPA
_dMx-PuUPA
041 0 _aspa
043 _acl-----
100 1 _aDalton, Roque,
_d1935-1975
_96072
_eautor
245 1 3 _aEl intelectual y la sociedad /
_cRoque Dalton, René Depestre, Edmundo Desnoes [y otros tres]
250 _aQuinta edición
264 1 _aMéxico, D.F: :
_bSiglo XXI Editores,
_c1988
300 _a101 páginas ;
_c18 cm
336 _atexto
_2rdacontent
_btxt
337 _asin medio
_2rdamedia
_bn
338 _avolumen
_2rdacarrrier
_bnc
490 0 _aEl hombre y sus obras
650 7 _aAmérica Latina
_xPolítica y gobierno
_y1948-1980
_2armarc
650 7 _aAmérica Latina
_xVida intelectual
_2armarc
700 1 _aDalton, Roque,
_eautor
700 1 _aDepestre, René,
_eautor
700 1 _aDesnoes, Edmundo,
_eautor
942 _2ddc
_cLI
_h305.552
_iD36
999 _c63310
_d63310